| 000 | 00433nam a2200181Ia 4500 | ||
|---|---|---|---|
| 001 | 2964 | ||
| 005 | 20260306144845.0 | ||
| 008 | 260306t1979||||xx |||||||||||||| ||spa|| | ||
| 041 | _aESP | ||
| 082 |
_a236 _bP83 |
||
| 100 |
_aPozo, Candido _eAUT |
||
| 245 | 0 | _aMaría en la escritura y en la fe de la iglesia | |
| 260 | _c1979 | ||
| 300 |
_a172 páginas : _c19 cm. |
||
| 650 | _aGEN | ||
| 654 | _aCHU | ||
| 942 |
_cLIB _dJUS _fJUS _2ddc _n |
||
| 999 |
_c2964 _d2964 |
||